[Event "21st European Teams"]
[Site "Hersonissos GRE"]
[Date "2017.10.28"]
[Round "1.11"]
[Board "3"]
[White "Stocek, Jiri"]
[Black "Ochsner, Bjorn Moller"]
[Result "1-0"]
[WhiteTitle "GM"]
[BlackTitle "IM"]
[WhiteElo "2581"]
[BlackElo "2458"]
[WhiteTeam "Czech Republic"]
[BlackTeam "Denmark"]
[WhiteFideId "304760"]
[BlackFideId "1416928"]
[EventDate "2017.10.28"]

1. d4 Nf6 2. c4 g6 3. Nc3 Bg7 4. e4 d6 5. Nf3 O-O 6. Be2 e5 7. Be3 c6 8. O-O
exd4 9. Bxd4 Re8 10. Qc2 Nbd7 11. Rad1 Qe7 12. Nd2 Nc5 13. Rfe1 h5 14. h3 h4 15.
b4 Ne6 16. Be3 Nh7 17. Bg4 Nf6 18. Bxe6 Qxe6 19. c5 a5 20. a3 axb4 21. axb4 d5
22. Bd4 Bd7 23. Re2 dxe4 24. Ndxe4 Nxe4 25. Bxg7 Kxg7 26. Nxe4 f6 27. Re3 Qf5
28. Rf3 Rxe4 29. Rxf5 Bxf5 30. Qc3 Rf8 31. f3 Re7 32. Rd4 g5 33. f4 Kh6 34.
fxg5+ fxg5 35. Rd6+ Bg6 36. b5 cxb5 37. Qd3 Rg8 38. Qxb5 Rf7 39. Qe2 Rgg7 40.
Qe8 Kh7 41. Qd8 Kh6 42. Re6 Rf5 43. Qc8 Kh7 44. Rd6 Rff7 45. Rd5 Kh6 46. Qg4 Bh5
47. Qe6+ Bg6 48. Re5 Rg8 49. Qd5 Bh5 50. Kh2 Rgg7 51. Qd8 Rg6 52. Qh8+ Rh7 53.
Qf8+ Rhg7 54. Re8 Bd1 55. Rb8 g4 56. Rxb7 g3+ 57. Kg1 1-0

[Event "21st European Teams"]
[Site "Hersonissos GRE"]
[Date "2017.10.28"]
[Round "1.11"]
[Board "4"]
[White "Percivaldi, Martin"]
[Black "Plat, Vojtech"]
[Result "0-1"]
[WhiteTitle "IM"]
[BlackTitle "GM"]
[WhiteElo "2388"]
[BlackElo "2551"]
[WhiteTeam "Denmark"]
[BlackTeam "Czech Republic"]
[WhiteFideId "1508148"]
[BlackFideId "325740"]
[EventDate "2017.10.28"]

1. Nf3 Nf6 2. c4 g6 3. Nc3 d5 4. cxd5 Nxd5 5. Qb3 Nb6 6. d4 Bg7 7. Bf4 Be6 8.
Qa3 Bc4 9. e4 Bxf1 10. Kxf1 O-O 11. Rd1 Qd7 12. h4 h5 13. g3 a5 14. Kg2 Nc6 15.
Qc5 Rfc8 16. Ne5 Bxe5 17. Bxe5 a4 18. Ne2 Qe6 19. Nf4 Qxa2 20. Bxc7 Nc4 21. Nd5
Nxb2 22. Ra1 Qc4 23. Nb6 Qd3 24. Nxa8 Qxe4+ 25. Kh2 Nd3 26. Qg5 Nxf2 27. Rae1
Qc2 28. Rc1 Qd3 29. Be5 Rxa8 30. Rhe1 Ng4+ 31. Kh3 a3 0-1

[Event "21st European Teams"]
[Site "Hersonissos GRE"]
[Date "2017.10.28"]
[Round "1.12"]
[Board "1"]
[White "Nyback, Tomi"]
[Black "Edouard, Romain"]
[Result "0-1"]
[WhiteTitle "GM"]
[BlackTitle "GM"]
[WhiteElo "2572"]
[BlackElo "2607"]
[WhiteTeam "Finland"]
[BlackTeam "France"]
[WhiteFideId "503142"]
[BlackFideId "633429"]
[EventDate "2017.10.28"]

1. d4 d5 2. c4 dxc4 3. e3 e5 4. Bxc4 exd4 5. exd4 Bd6 6. Nf3 Nf6 7. Qe2+ Qe7 8.
Qxe7+ Bxe7 9. O-O O-O 10. Re1 Nc6 11. Nc3 h6 12. h3 Bd6 13. Nb5 Nb4 14. Re2 Nbd5
15. Nxd6 cxd6 16. Bd2 Bd7 17. Rc1 Rfe8 18. Rce1 Rec8 19. Bd3 a6 20. Nh4 Bb5 21.
Bxb5 axb5 22. a3 Rc2 23. Bc1 Rxe2 24. Rxe2 Rc8 25. Be3 Kh7 26. Nf5 Rc6 27. Kf1
g6 28. Ng3 Kg7 29. Ke1 b4 30. Bd2 bxa3 31. bxa3 Rb6 32. Kd1 Rb3 33. a4 b6 34.
Ne4 Nxe4 35. Rxe4 Ra3 36. Kc2 Rxa4 37. Kd3 Ra8 38. Kc4 Nf6 39. Re2 g5 40. Bb4
Rc8+ 41. Kd3 Rc6 42. Rb2 Nd5 43. Bd2 Kf6 44. Rb1 Rc8 45. h4 Kf5 46. hxg5 hxg5
47. g4+ Kxg4 48. Rg1+ Kf5 49. Rxg5+ Ke6 50. Rg1 Ra8 51. Re1+ Kd7 52. Ke4 Nc7 53.
Rb1 b5 54. Rb3 Ra2 55. Be3 Ke6 56. Rc3 Nd5 57. Rc8 f5+ 58. Kd3 Nb4+ 0-1

[Event "21st European Teams"]
[Site "Hersonissos GRE"]
[Date "2017.10.28"]
[Round "1.12"]
[Board "2"]
[White "Bauer, Christian"]
[Black "Karttunen, Mika"]
[Result "1-0"]
[WhiteTitle "GM"]
[BlackTitle "IM"]
[WhiteElo "2647"]
[BlackElo "2465"]
[WhiteTeam "France"]
[BlackTeam "Finland"]
[WhiteFideId "603767"]
[BlackFideId "502081"]
[EventDate "2017.10.28"]

1. d4 Nf6 2. Nf3 g6 3. g3 Bg7 4. Bg2 O-O 5. O-O d6 6. a4 c6 7. Re1 d5 8. Nbd2
Bf5 9. Nh4 Be6 10. c3 Nbd7 11. a5 Rc8 12. e4 dxe4 13. Nxe4 Nxe4 14. Bxe4 Bc4 15.
Qa4 Ba6 16. Bg5 Re8 17. Qa2 Qc7 18. Nf3 e5 19. Bc2 c5 20. dxe5 Nxe5 21. Nxe5
Rxe5 22. Bf4 Rxe1+ 23. Rxe1 Qd7 24. Rd1 Qb5 25. Bd3 c4 26. Bf1 Bf6 27. Qa1 Qf5
28. Be3 Rd8 29. Bxa7 Rxd1 30. Qxd1 Qxa5 31. Qf3 Kg7 32. Be3 Be5 33. Qe4 f5 34.
Qh4 Bf6 35. Bh6+ Kf7 36. Bxc4+ Ke7 37. Bf8+ Kxf8 38. Qxf6+ Ke8 39. Qh8+ Kd7 40.
Qxh7+ Kd8 41. Qg8+ Kc7 42. Qf7+ Kb8 43. Qe8+ Ka7 44. Qe3+ Ka8 45. Bxa6 Qxa6 46.
b3 Qc6 47. h4 Kb8 48. Qf4+ Ka7 49. Qa4+ 1-0

[Event "21st European Teams"]
[Site "Hersonissos GRE"]
[Date "2017.10.28"]
[Round "1.12"]
[Board "3"]
[White "Ebeling, Daniel"]
[Black "Gharamian, Tigran"]
[Result "1/2-1/2"]
[WhiteTitle "IM"]
[BlackTitle "GM"]
[WhiteElo "2465"]
[BlackElo "2626"]
[WhiteTeam "Finland"]
[BlackTeam "France"]
[WhiteFideId "505170"]
[BlackFideId "13301527"]
[EventDate "2017.10.28"]

1. Nf3 d5 2. c4 e6 3. d4 Nf6 4. Nc3 dxc4 5. e4 b5 6. e5 Nd5 7. Nxb5 Nb6 8. Be2
Nc6 9. O-O Be7 10. Be3 O-O 11. Qc1 Ba6 12. a4 Qd7 13. Rd1 Na5 14. Nd2 Bxb5 15.
axb5 Qxb5 16. Qc2 c5 17. Qc3 cxd4 18. Rxa5 dxc3 19. Rxb5 cxd2 20. Rxd2 Rfc8 21.
Rc2 Rc7 22. g3 Nd5 23. Rxc4 Rxc4 24. Bxc4 Nxe3 25. fxe3 Bd8 26. Rb7 Bb6 27. Kf2
Rd8 28. Ke2 g6 29. b3 Kf8 30. g4 g5 31. h3 h6 32. Kf3 Rd1 33. Rb8+ Kg7 34. Rb7
Kf8 35. Rb8+ Kg7 36. Rb7 Kg6 37. Bb5 Rd8 38. Rd7 Rc8 39. Bc4 Rc5 40. Ke4 Bc7 41.
Kd4 Bb6 42. Ke4 Ra5 43. Rb7 Ra1 44. Kf3 Rd1 45. Bb5 Rd8 46. Bc4 Rc8 47. Ke4 Rf8
48. Re7 Rd8 49. Rb7 Rh8 50. Be2 Rd8 51. Bc4 Rc8 52. Kf3 Rc5 53. Ke4 Ra5 54. Bd3
Rd5 55. Bc4 Rd8 56. Kf3 Rd1 1/2-1/2

[Event "21st European Teams"]
[Site "Hersonissos GRE"]
[Date "2017.10.28"]
[Round "1.12"]
[Board "4"]
[White "Maze, Sebastien"]
[Black "Sipila, Vilka"]
[Result "1-0"]
[WhiteTitle "GM"]
[BlackTitle "IM"]
[WhiteElo "2614"]
[BlackElo "2363"]
[WhiteTeam "France"]
[BlackTeam "Finland"]
[WhiteFideId "613762"]
[BlackFideId "505455"]
[EventDate "2017.10.28"]

1. e4 e5 2. Nf3 Nc6 3. Bb5 Nf6 4. d3 Bc5 5. c3 d5 6. Qe2 O-O 7. O-O dxe4 8. dxe4
Bd6 9. Rd1 Qe8 10. Nbd2 a6 11. Bd3 Nd7 12. Nc4 Be7 13. Ne3 Nc5 14. Bc2 Ne6 15.
Nd5 f6 16. b4 Bd8 17. a4 Ne7 18. Bb3 Kh8 19. Be3 Qg6 20. Bc2 Qh5 21. Nd4 Qxe2
22. Nxe2 Re8 23. a5 Nxd5 24. exd5 Nf8 25. c4 f5 26. Bc1 Bf6 27. Bb2 g6 28. f3
Nd7 29. Ba4 Kg7 30. Re1 Re7 31. Rad1 e4 32. Bxf6+ Nxf6 33. Nc3 Kf7 34. c5 exf3
35. Rxe7+ Kxe7 36. gxf3 Bd7 37. Bb3 Kf8 38. d6 Bc6 39. dxc7 Ke7 40. Rd6 Ne8 41.
Nd5+ Bxd5 42. Bxd5 Nxc7 43. Bxb7 Rb8 44. Rb6 f4 45. Kf2 g5 46. Be4 Rd8 47. Rb7
Kd7 48. Bxh7 Kc8 49. Rb6 Rd2+ 50. Ke1 Rxh2 51. Bf5+ Kd8 52. Rd6+ Ke7 53. Rd7+
Kf6 54. Be4 Nb5 55. c6 Rh8 56. Bd3 Ke6 57. Bc4+ Ke5 58. Rd5+ Kf6 59. Bxb5 axb5
60. Rxb5 1-0

[Event "21st European Teams"]
[Site "Hersonissos GRE"]
[Date "2017.10.28"]
[Round "1.13"]
[Board "1"]
[White "Mchedlishvili, Mikheil"]
[Black "Pancevski, Filip"]
[Result "0-1"]
[WhiteTitle "GM"]
[BlackTitle "IM"]
[WhiteElo "2604"]
[BlackElo "2489"]
[WhiteTeam "Georgia"]
[BlackTeam "FYROM"]
[WhiteFideId "13600966"]
[BlackFideId "15002187"]
[EventDate "2017.10.28"]

1. d4 Nf6 2. c4 g6 3. Nc3 Bg7 4. e4 d6 5. Nf3 O-O 6. Be2 e5 7. O-O Nbd7 8. Be3
Ng4 9. Bg5 f6 10. Bh4 Nh6 11. dxe5 dxe5 12. b4 c6 13. c5 Qe7 14. a3 Re8 15. Qb3+
Kh8 16. Bc4 Nf8 17. Rfd1 Bg4 18. Ne2 g5 19. Bg3 f5 20. h3 Bh5 21. Bh2 f4 22. Rd2
Bg6 23. Nc3 Nf7 24. g4 Nd8 25. Bd3 Nde6 26. Ne2 Red8 27. Rad1 h5 28. Ne1 b6 29.
cxb6 axb6 30. Bc2 Rxd2 31. Rxd2 b5 32. Bd3 Qa7 33. Nc2 Rd8 34. Qc3 Qb6 35. Ne1
c5 36. Bc2 Rc8 37. Rd5 Rc7 38. Qd2 cxb4 39. axb4 Rc4 40. Bd3 hxg4 41. Bxc4 bxc4
42. Rd6 Qc7 43. hxg4 Bxe4 44. Nc3 Ba8 45. Rd5 Nd4 46. Ra5 Nb3 47. Qe2 Nxa5 48.
bxa5 Ne6 0-1

[Event "21st European Teams"]
[Site "Hersonissos GRE"]
[Date "2017.10.28"]
[Round "1.13"]
[Board "2"]
[White "Nedev, Trajko"]
[Black "Pantsulaia, Levan"]
[Result "0-1"]
[WhiteTitle "GM"]
[BlackTitle "GM"]
[WhiteElo "2479"]
[BlackElo "2586"]
[WhiteTeam "FYROM"]
[BlackTeam "Georgia"]
[WhiteFideId "15000605"]
[BlackFideId "13602071"]
[EventDate "2017.10.28"]

1. e4 c5 2. Nf3 e6 3. d4 cxd4 4. Nxd4 a6 5. Bd3 Bc5 6. Nb3 Ba7 7. Qg4 Nf6 8. Qg3
Nc6 9. e5 Nh5 10. Qh3 g6 11. g4 Ng7 12. Bh6 O-O 13. f4 Nb4 14. Nc3 Nxd3+ 15.
cxd3 f5 16. exf6 Qxf6 17. Bg5 Qf7 18. Ne4 Ne8 19. Bh6 d5 20. Ng5 Qxf4 21. Bxf8
Qxg5 22. Rf1 h5 23. Qf3 Qh4+ 24. Kd2 Qxh2+ 25. Kc1 Qc7+ 26. Kd2 Qh2+ 27. Kc1
Qc7+ 28. Kd1 e5 29. Qxd5+ Kh8 30. gxh5 Bg4+ 31. Kd2 Rd8 32. Qe4 Bf5 33. Rxf5
gxf5 34. Qxf5 e4 35. Qxe4 Qh2+ 36. Kc3 Qc7+ 37. Kd2 Nf6 38. Qe7 Qh2+ 39. Kc1
Rc8+ 40. Kd1 Qc2+ 41. Ke1 Re8 42. Bg7+ Kh7 43. Bxf6+ Rxe7+ 44. Bxe7 Qf2+ 45. Kd1
Qf3+ 0-1

[Event "21st European Teams"]
[Site "Hersonissos GRE"]
[Date "2017.10.28"]
[Round "1.13"]
[Board "3"]
[White "Jojua, Davit"]
[Black "Stojanovski, Dejan"]
[Result "1-0"]
[WhiteTitle "GM"]
[BlackTitle "IM"]
[WhiteElo "2591"]
[BlackElo "2454"]
[WhiteTeam "Georgia"]
[BlackTeam "FYROM"]
[WhiteFideId "13602543"]
[BlackFideId "15000796"]
[EventDate "2017.10.28"]

1. d4 Nf6 2. c4 e6 3. g3 c5 4. d5 exd5 5. cxd5 b5 6. e4 Bd6 7. f3 Ba6 8. a4 bxa4
9. Qxa4 Bxf1 10. Kxf1 O-O 11. Na3 Bc7 12. Nc4 d6 13. Bd2 Nbd7 14. Qc2 Re8 15.
Bc3 Nb6 16. Ne3 Nbd7 17. Kg2 Ne5 18. Nh3 Bb6 19. Bxe5 Rxe5 20. Nc4 Re7 21. Nf2
Rb8 22. f4 Ne8 23. Rhd1 Nc7 24. Qa4 Qd7 25. Qxd7 Rxd7 26. e5 dxe5 27. d6 Nb5 28.
fxe5 Nd4 29. Ne4 Re8 30. Nc3 Bd8 31. Na4 Ne6 32. Rd5 f5 33. Nxc5 Nxc5 34. Rxc5
Bb6 35. Nxb6 axb6 36. Rc7 Rxc7 37. dxc7 Kf7 38. Rc1 Rc8 39. Kf3 Ke6 40. Kf4 h6
41. h4 g5+ 42. hxg5 hxg5+ 43. Kxg5 Kxe5 44. Kg6 Ke6 45. Kg7 Ke7 46. b4 Kd7 47.
b5 1-0

[Event "21st European Teams"]
[Site "Hersonissos GRE"]
[Date "2017.10.28"]
[Round "1.13"]
[Board "4"]
[White "Nikolovski, Nikola"]
[Black "Paichadze, Luka"]
[Result "0-1"]
[WhiteTitle "FM"]
[BlackTitle "GM"]
[WhiteElo "2420"]
[BlackElo "2580"]
[WhiteTeam "FYROM"]
[BlackTeam "Georgia"]
[WhiteFideId "15002314"]
[BlackFideId "13602934"]
[EventDate "2017.10.28"]

1. e4 c6 2. d4 d5 3. e5 Bf5 4. Nd2 e6 5. Nb3 Nd7 6. Nf3 Nh6 7. Bxh6 gxh6 8. Bd3
Bg6 9. O-O Bg7 10. Qe2 O-O 11. Rae1 a5 12. a4 Qe7 13. Qe3 Rfc8 14. c3 b6 15.
Nfd2 c5 16. Bb5 c4 17. Nc1 Nf8 18. Qh3 Bf5 19. Qe3 h5 20. Ne2 h4 21. h3 Ng6 22.
Kh2 f6 23. exf6 Bxf6 24. g4 hxg3+ 25. Nxg3 Qc7 26. f4 Kh8 27. Nxf5 exf5 28. Qe6
Bh4 29. Re5 Nxe5 30. fxe5 Rg8 31. Qxd5 Qg7 32. Qf3 Bg3+ 33. Kh1 Qh6 34. Qg2 Bxe5
35. Qf3 Bg3 0-1

[Event "21st European Teams"]
[Site "Hersonissos GRE"]
[Date "2017.10.28"]
[Round "1.14"]
[Board "1"]
[White "Ferreira, Jorge Viterbo"]
[Black "Bosiocic, Marin"]
[Result "0-1"]
[WhiteTitle "IM"]
[BlackTitle "GM"]
[WhiteElo "2499"]
[BlackElo "2619"]
[WhiteTeam "Portugal"]
[BlackTeam "Croatia"]
[WhiteFideId "1910850"]
[BlackFideId "14507927"]
[EventDate "2017.10.28"]

1. d4 Nf6 2. c4 e6 3. Nc3 Bb4 4. e3 O-O 5. Ne2 d5 6. a3 Be7 7. cxd5 exd5 8. Nf4
a5 9. Bd3 c6 10. O-O Na6 11. Bc2 Nc7 12. f3 c5 13. Na4 Na6 14. dxc5 Nxc5 15. Nc3
Be6 16. g4 Bd6 17. g5 Ne8 18. Nxe6 fxe6 19. f4 g6 20. Nb5 Be7 21. b3 Qb6 22. Nd4
Ng7 23. Bb2 e5 24. Nf3 Nce6 25. Nxe5 Qxe3+ 26. Kh1 Rxf4 27. Qxd5 Rd8 28. Qxb7
Rd2 29. Qa8+ Bd8 30. Nc4 Rxh2+ 31. Kxh2 Rh4+ 32. Kg2 Rg4+ 33. Kh2 Qg3+ 34. Kh1
Rh4# 0-1

[Event "21st European Teams"]
[Site "Hersonissos GRE"]
[Date "2017.10.28"]
[Round "1.14"]
[Board "2"]
[White "Stevic, Hrvoje"]
[Black "Fernandes, Antonio"]
[Result "1/2-1/2"]
[WhiteTitle "GM"]
[BlackTitle "GM"]
[WhiteElo "2616"]
[BlackElo "2442"]
[WhiteTeam "Croatia"]
[BlackTeam "Portugal"]
[WhiteFideId "14502569"]
[BlackFideId "1900021"]
[EventDate "2017.10.28"]

1. e4 e5 2. Nf3 Nc6 3. Bb5 a6 4. Ba4 Nf6 5. O-O Be7 6. d3 b5 7. Bb3 d6 8. a3 O-O
9. Nc3 Be6 10. Nd5 Na5 11. Nxf6+ Bxf6 12. Bxe6 fxe6 13. b4 Nc6 14. Be3 Qd7 15.
c4 Rfb8 16. Qc2 a5 17. cxb5 Rxb5 18. Rac1 Nd8 19. Qxc7 Qxc7 20. Rxc7 axb4 21.
axb4 Rxb4 22. Rfc1 h6 23. Rd7 Nf7 24. g3 Bd8 25. d4 Kf8 26. dxe5 Ke8 27. Ra7
Rxa7 28. Bxa7 dxe5 29. Re1 Ra4 30. Bc5 Rc4 31. Ba7 Ra4 32. Bc5 Rc4 33. Ba7 Ra4 1/2-1/2

[Event "21st European Teams"]
[Site "Hersonissos GRE"]
[Date "2017.10.28"]
[Round "1.14"]
[Board "3"]
[White "Sousa, Andre Ventura"]
[Black "Jankovic, Alojzije"]
[Result "1-0"]
[WhiteTitle "IM"]
[BlackTitle "GM"]
[WhiteElo "2405"]
[BlackElo "2575"]
[WhiteTeam "Portugal"]
[BlackTeam "Croatia"]
[WhiteFideId "1917617"]
[BlackFideId "14505959"]
[EventDate "2017.10.28"]

1. e4 c5 2. Nf3 e6 3. b3 b6 4. Bd3 Bb7 5. O-O Nc6 6. Re1 Nf6 7. e5 Ng4 8. Bb2 d6
9. Na3 dxe5 10. h3 h5 11. Nc4 Nb4 12. Be4 Bxe4 13. Rxe4 f5 14. Re1 e4 15. d3
exf3 16. Qxf3 Qd5 17. Qxd5 Nxd5 18. hxg4 hxg4 19. Rxe6+ Kd7 20. Rae1 Rh5 21.
R6e5 Nc7 22. R5e2 Bd6 23. Bxg7 Bh2+ 24. Kf1 Nd5 25. g3 Rg8 26. Bb2 f4 27. Re5
Rgg5 28. Rxg5 Rxg5 29. Kg2 Bxg3 30. fxg3 f3+ 31. Kf2 Nb4 32. Ne5+ Kc7 33. Re4
Rh5 34. Nxg4 Nxc2 35. Kxf3 Rh1 36. Re7+ Kd6 37. Rxa7 Nb4 38. Be5+ 1-0

[Event "21st European Teams"]
[Site "Hersonissos GRE"]
[Date "2017.10.28"]
[Round "1.14"]
[Board "4"]
[White "Martinovic, Sasa"]
[Black "Silva, Luis Neves Da"]
[Result "1-0"]
[WhiteTitle "GM"]
[BlackTitle "FM"]
[WhiteElo "2565"]
[BlackElo "2355"]
[WhiteTeam "Croatia"]
[BlackTeam "Portugal"]
[WhiteFideId "14509792"]
[BlackFideId "1919121"]
[EventDate "2017.10.28"]

1. d4 d5 2. c4 e6 3. Nc3 Nf6 4. cxd5 exd5 5. Bg5 c6 6. e3 Be7 7. Bd3 Nbd7 8. Qc2
h6 9. Bh4 Nh5 10. Bxe7 Qxe7 11. Nge2 Nb6 12. O-O-O Bd7 13. Kb1 O-O-O 14. Nc1 g6
15. Rhe1 Kb8 16. Nb3 Ng7 17. f3 Bf5 18. Bxf5 Nxf5 19. e4 dxe4 20. fxe4 Ng7 21.
Qf2 Ka8 22. d5 cxd5 23. exd5 Qd7 24. Ka1 Nf5 25. Nc5 Qc7 26. Nb5 Qb8 27. Rd3 Nc8
28. Rc1 Nfd6 29. Na6 bxa6 30. Nc7+ Kb7 31. Qc5 1-0

[Event "21st European Teams"]
[Site "Hersonissos GRE"]
[Date "2017.10.28"]
[Round "1.15"]
[Board "1"]
[White "Anton Guijarro, David"]
[Black "Ziska, Helgi Dam"]
[Result "1/2-1/2"]
[WhiteTitle "GM"]
[BlackTitle "GM"]
[WhiteElo "2651"]
[BlackElo "2545"]
[WhiteTeam "Spain"]
[BlackTeam "Faroe Islands"]
[WhiteFideId "2285525"]
[BlackFideId "7200595"]
[EventDate "2017.10.28"]

1. d4 Nf6 2. c4 g6 3. Nc3 Bg7 4. e4 d6 5. h3 O-O 6. Be3 e5 7. d5 a5 8. g4 Na6 9.
Qd2 Nc5 10. f3 Nfd7 11. h4 f5 12. gxf5 gxf5 13. O-O-O f4 14. Bf2 Nf6 15. h5 Bh6
16. Bh3 Bxh3 17. Nxh3 Kf7 18. Bxc5 dxc5 19. Nf2 Rg8 20. Rdg1 Bg5 21. Nd3 Nd7 22.
Qh2 Qf6 23. Qh3 Ke7 24. Nb5 Kd8 25. Qe6 Rh8 26. h6 Ra6 27. Qxf6+ Bxf6 28. Rh5
Re8 29. Kd2 Bh8 30. Ke2 Bf6 31. Nc3 Ke7 32. Na4 Kd6 33. Rf5 Rf8 34. Rh1 Raa8 35.
Rhh5 Rae8 36. a3 c6 37. dxc6 bxc6 38. Nf2 Ke6 39. Rh1 Be7 40. Rd1 Rb8 41. Ng4
Rb3 42. Rh5 Rg8 43. Rd3 Rxd3 44. Kxd3 Rg5 45. Rxg5 Bxg5 1/2-1/2

[Event "21st European Teams"]
[Site "Hersonissos GRE"]
[Date "2017.10.28"]
[Round "1.15"]
[Board "2"]
[White "Nielsen, Hogni Egilstoft"]
[Black "Salgado Lopez, Ivan"]
[Result "1/2-1/2"]
[WhiteTitle "FM"]
[BlackTitle "GM"]
[WhiteElo "2352"]
[BlackElo "2629"]
[WhiteTeam "Faroe Islands"]
[BlackTeam "Spain"]
[WhiteFideId "7200404"]
[BlackFideId "2257327"]
[EventDate "2017.10.28"]

1. e4 c5 2. Nf3 e6 3. d4 cxd4 4. Nxd4 Nc6 5. Nc3 Qc7 6. Be3 a6 7. f4 b5 8. a3
Bb7 9. Qf3 Nf6 10. Bd3 Nxd4 11. Bxd4 Bc5 12. Bxc5 Qxc5 13. Qf2 Qxf2+ 14. Kxf2 d6
15. Rhe1 Ke7 16. Na2 e5 17. g3 h5 18. h4 Rhe8 19. a4 exf4 20. gxf4 Kf8 21. axb5
axb5 22. Nc3 b4 23. Rxa8 Bxa8 24. Nb5 Nxe4+ 25. Bxe4 Rxe4 26. Rxe4 Bxe4 27. c3
bxc3 28. Nxc3 Bb7 29. Nb5 Ke7 30. Nd4 g6 31. b4 f6 1/2-1/2

[Event "21st European Teams"]
[Site "Hersonissos GRE"]
[Date "2017.10.28"]
[Round "1.15"]
[Board "3"]
[White "Lopez Martinez, Josep Manuel"]
[Black "Nielsen, Rogvi Egilstoft"]
[Result "1-0"]
[WhiteTitle "GM"]
[BlackTitle "FM"]
[WhiteElo "2607"]
[BlackElo "2338"]
[WhiteTeam "Spain"]
[BlackTeam "Faroe Islands"]
[WhiteFideId "2212943"]
[BlackFideId "7200447"]
[EventDate "2017.10.28"]

1. Nf3 e6 2. c4 Nf6 3. d4 Bb4+ 4. Bd2 Qe7 5. g3 O-O 6. Bg2 Bxd2+ 7. Nbxd2 d6 8.
e4 e5 9. O-O Bg4 10. Qc2 Nc6 11. d5 Nb4 12. Qc3 a5 13. h3 Bd7 14. Rfc1 Na6 15.
b3 Nc5 16. Qe3 h6 17. a3 Nh7 18. b4 Na6 19. Qc3 f5 20. c5 Ng5 21. Nxg5 Qxg5 22.
exf5 Bxf5 23. Nb3 Qf6 24. Nxa5 dxc5 25. b5 Nb8 26. Nxb7 Bc8 27. Nxc5 Qxf2+ 28.
Kh1 Qe2 29. Ne6 Rf2 30. Re1 Qh5 31. Rxe5 Qf7 32. Qxc7 Nd7 33. Qd8+ Kh7 34. Be4+
g6 35. Ng5+ hxg5 36. Re7 1-0

[Event "21st European Teams"]
[Site "Hersonissos GRE"]
[Date "2017.10.28"]
[Round "1.15"]
[Board "4"]
[White "Rodgaard, John"]
[Black "Korneev, Oleg"]
[Result "0-1"]
[WhiteTitle "IM"]
[BlackTitle "GM"]
[WhiteElo "2332"]
[BlackElo "2557"]
[WhiteTeam "Faroe Islands"]
[BlackTeam "Spain"]
[WhiteFideId "7200013"]
[BlackFideId "4156803"]
[EventDate "2017.10.28"]

1. d4 d5 2. c4 e6 3. Nf3 Nf6 4. g3 c6 5. Qc2 dxc4 6. Qxc4 b5 7. Qd3 Bb7 8. Bg2
a6 9. O-O c5 10. Bg5 Nbd7 11. Nbd2 h6 12. Bxf6 Nxf6 13. Rfd1 c4 14. Qc2 Rc8 15.
Nf1 Be4 16. Qd2 Be7 17. Ne5 Bxg2 18. Kxg2 O-O 19. Rac1 Nd7 20. Nf3 Qb6 21. e4
Nf6 22. Qf4 Qb7 23. d5 exd5 24. e5 Ne4 25. Ne3 f5 26. Nxd5 Bc5 27. e6 Rce8 28.
Qe5 Bd6 29. Qd4 Rxe6 30. Ne3 Bc5 31. Qd5 Qxd5 32. Rxd5 Nxf2 33. Nxf5 Nd3 34. Rf1
Re2+ 35. Kh3 Nf2+ 36. Kg2 Rxb2 37. g4 Nxg4+ 38. Kg3 Rxf5 39. Rxf5 Ne3 40. Rxc5
Nxf1+ 41. Kg4 Nxh2+ 0-1

[Event "21st European Teams"]
[Site "Hersonissos GRE"]
[Date "2017.10.28"]
[Round "1.16"]
[Board "1"]
[White "Hovhannisyan, Mher"]
[Black "Kovalev, Vladislav"]
[Result "0-1"]
[WhiteTitle "IM"]
[BlackTitle "GM"]
[WhiteElo "2466"]
[BlackElo "2636"]
[WhiteTeam "Belgium"]
[BlackTeam "Belarus"]
[WhiteFideId "13300865"]
[BlackFideId "13504398"]
[EventDate "2017.10.28"]

1. Nf3 Nf6 2. g3 g6 3. Bg2 Bg7 4. O-O O-O 5. d4 d6 6. c4 Nc6 7. Nc3 e5 8. dxe5
Nxe5 9. Nxe5 dxe5 10. Qxd8 Rxd8 11. Bg5 Rd4 12. b3 c6 13. Be3 Rd8 14. Rad1 Re8
15. h3 Bf8 16. g4 h6 17. Na4 Kg7 18. Bc5 Nd7 19. Bxf8+ Nxf8 20. Rd6 Ne6 21. Rfd1
Rh8 22. Nc3 h5 23. e3 hxg4 24. hxg4 Ng5 25. f3 e4 26. Rd8 Rxd8 27. Rxd8 exf3 28.
Bh1 b5 29. Kf2 bxc4 30. bxc4 Kf6 31. Kg3 Ke7 32. Rh8 Kd6 33. Kf4 Bb7 34. Rxa8
Ne6+ 35. Kg3 Bxa8 36. Bxf3 Kc5 37. Ne4+ Kb4 38. Nd6 Nd8 39. Kf4 Kc5 40. Nc8 Bb7
41. Nxa7 f6 42. Be4 Ne6+ 43. Kg3 g5 44. Kf3 Nd8 45. Bf5 Nf7 46. Nc8 Ne5+ 47. Kf2
Ba6 48. Ne7 Bxc4 49. a3 Bf7 50. Ke2 Kd6 51. Nc8+ Kc7 52. a4 Bd5 53. Ne7 Bf3+ 54.
Kd2 Nxg4 55. Ng8 Bd5 56. Ne7 Bf3 57. Ng8 Kb6 58. Bxg4 Bxg4 59. Nxf6 Be6 60. Ne4
g4 61. Ke2 c5 62. a5+ Kc6 63. Kf2 c4 64. a6 Kb6 65. Kg3 Bd5 66. Nc3 Be6 67. Ne4
Bd5 68. Nc3 Bf3 69. e4 Kxa6 70. e5 Kb6 71. Kf4 Kc6 72. e6 Kd6 73. Nb5+ Kxe6 74.
Na3 Kd5 75. Ke3 Kc5 76. Nc2 Bd1 77. Nd4 c3 78. Kd3 c2 79. Nb3+ Kb4 80. Nc1 Ka3
81. Kd2 Kb2 82. Nd3+ Kb1 83. Nc1 Bf3 84. Nd3 Be4 85. Nc1 Bd5 86. Ne2 Kb2 0-1

[Event "21st European Teams"]
[Site "Hersonissos GRE"]
[Date "2017.10.28"]
[Round "1.16"]
[Board "2"]
[White "Stupak, Kirill"]
[Black "Godart, Francois"]
[Result "1/2-1/2"]
[WhiteTitle "GM"]
[BlackTitle "IM"]
[WhiteElo "2578"]
[BlackElo "2397"]
[WhiteTeam "Belarus"]
[BlackTeam "Belgium"]
[WhiteFideId "13503758"]
[BlackFideId "208078"]
[EventDate "2017.10.28"]

1. c4 e6 2. g3 d5 3. Nf3 dxc4 4. Qa4+ Nd7 5. Qxc4 a6 6. Bg2 b5 7. Qb3 Bb7 8. O-O
Ngf6 9. Nc3 Be7 10. a4 b4 11. Nb1 Nc5 12. Qd1 e5 13. d4 exd4 14. Nxd4 Bxg2 15.
Kxg2 Qd5+ 16. Nf3 Nb3 17. Qxd5 Nxd5 18. Ra2 Nxc1 19. Rxc1 b3 20. Ra3 Bxa3 21.
Nxa3 O-O-O 22. a5 Rhe8 23. e3 Nb4 24. Nc4 Rd3 25. Kf1 Na2 26. Ra1 Re4 27. Nfd2
Re6 28. Ke2 Rd5 29. Nxb3 Nb4 30. Ra4 Nc6 31. h4 Rb5 32. Nbd2 Rb4 33. Ra3 Ne5 34.
Rc3 Nxc4 35. Nxc4 Kb7 36. Kd3 Rb5 37. Ke2 Rd5 38. Rc2 c5 39. Rc3 Kc6 40. Rb3 Kc7
41. Rc3 Kc6 1/2-1/2